ARRUPE JESUIT UNIVERSITY

CORONAVIRUS -STOP THE SPREAD - CLEAN,DISINFECT,COVER

Joshua (Record no. 25130)

MARC details
000 -LEADER
fixed length control field 00622nam a2200205Ia 4500
003 - CONTROL NUMBER IDENTIFIER
control field ARRUPE
005 - DATE AND TIME OF LATEST TRANSACTION
control field 20170113143806.0
008 - FIXED-LENGTH DATA ELEMENTS--GENERAL INFORMATION
fixed length control field 130303s9999 xx 000 0 und d
020 ## - INTERNATIONAL STANDARD BOOK NUMBER
International Standard Book Number 0385000340
040 ## - CATALOGING SOURCE
Transcribing agency ARRUPELIB
050 ## - LIBRARY OF CONGRESS CALL NUMBER
Classification number BS1295.3B689
300 ## - PHYSICAL DESCRIPTION
Dimensions 24cm.
100 ## - MAIN ENTRY--PERSONAL NAME
Personal name Boling , Robert G.
9 (RLIN) 28329
245 ## - TITLE STATEMENT
Title Joshua
Remainder of title a new translation with notes and commentary
Statement of responsibility, etc by Boling , Robert G.
250 ## - EDITION STATEMENT
Edition statement 1st ed .
260 ## - PUBLICATION, DISTRIBUTION, ETC. (IMPRINT)
Place of publication, distribution, etc New york
Name of publisher, distributor, etc Doubleday & Co.
Date of publication, distribution, etc 1982
300 ## - PHYSICAL DESCRIPTION
Extent xvi, 580p. ;
650 ## - SUBJECT ADDED ENTRY--TOPICAL TERM
Topical term or geographic name as entry element BIBLE OT. Joshua
General subdivision Commentarie
9 (RLIN) 28330
700 ## - ADDED ENTRY--PERSONAL NAME
Personal name Wright , Ernest G. (intr. )
9 (RLIN) 28331
942 ## - ADDED ENTRY ELEMENTS (KOHA)
Source of classification or shelving scheme Library of Congress Classification
Koha item type Monograph ( Printed materials)
Holdings
Withdrawn status Lost status Source of classification or shelving scheme Damaged status Not for loan Collection code Home library Current library Shelving location Date acquired Total Checkouts Full call number Barcode Date last seen Copy number Price effective from Koha item type
    Library of Congress Classification     Main Collection ARRUPE LIBRARY ARRUPE LIBRARY Main Collection 04/03/2013   BS1295.3B689 46500022602 04/03/2013 1 04/03/2013 Monograph ( Printed materials)

 

Arrupe Library. PO Box MP320 Mt Pleasant, Harare, Zimbabwe
263 242 745411|librarian@aju.ac.zw